| 000 | 00470nam a22001817a 4500 | ||
|---|---|---|---|
| 003 | MPLRDC | ||
| 005 | 20220104162338.0 | ||
| 008 | 210129b ||||| |||| 00| 0 eng d | ||
| 020 | _a7-80673-784-2 | ||
| 082 | _a857.75 JBD-2 | ||
| 100 | _a九把刀 | ||
| 245 |
_a那些年,我们一起追过的女孩 _c |
||
| 250 | _a一版一刷 | ||
| 260 |
_a中国 _b花山文艺出版社 _c2007 |
||
| 300 | _b196 | ||
| 650 | _a当代长篇小说 | ||
| 942 |
_cBK _o857.75 JBD-2 |
||
| 999 |
_c55918 _d55908 |
||